Alle Gemeinden Sloweniens auf einer Karte - Statistiken

Allgemein
  • Dieses Quiz wurde 23 mal gespielt
  • Das Durchschnittsergebnis liegt bei 35 aus 212
Antworten auf der Karte
Die Antworten werden auf der Karte rot bzw. grün angezeigt, abhängig davon wie oft sie richtig erraten wurden.
 
Antwortstatistiken
Einwohner Gemeinde % Korrekt
300.354 Ljubljana
100%
114.301 Maribor
100%
8.154 Bled
75%
54.430 Koper
69%
49.628 Celje
63%
21.895 Jesenice
63%
18.429 Murska Sobota
56%
38.669 Novo mesto
56%
57.384 Kranj
50%
29.885 Kamnik
44%
31.906 Nova Gorica
44%
23.920 Ptuj
44%
3.446 Ankaran
38%
38.190 Domžale
38%
4.026 Kobarid
38%
5.214 Kranjska Gora
38%
17.296 Medvode
38%
18.113 Piran
38%
17.067 Slovenj Gradec
38%
10.754 Tolmin
38%
33.930 Velenje
38%
18.206 Vrhnika
38%
19.895 Ajdovščina
31%
5.238 Bohinj
31%
3.004 Bovec
31%
14.213 Črnomelj
31%
22.050 Grosuplje
31%
16.500 Izola
31%
681 Jezersko
31%
26.175 Krško
31%
8.572 Metlika
31%
17.532 Postojna
31%
19.373 Radovljica
31%
6.383 Šempeter-Vrtojba
31%
23.884 Škofja Loka
31%
15.110 Tržič
31%
13.133 Brezovica
25%
11.848 Cerknica
25%
4.423 Cerkno
25%
8.519 Gornja Radgona
25%
13.047 Laško
25%
10.125 Lendava
25%
5.478 Naklo
25%
6.629 Polzela
25%
9.854 Ribnica
25%
8.386 Šentilj
25%
13.729 Sežana
25%
26.265 Slovenska Bistrica
25%
4.026 Trzin
25%
5.875 Vipava
25%
2.763 Vransko
25%
7.944 Cerklje na Gorenjskem
19%
3.012 Črna na Koroškem
19%
8.816 Dravograd
19%
11.673 Idrija
19%
5.099 Kanal
19%
15.555 Kočevje
19%
3.518 Komen
19%
6.761 Komenda
19%
15.882 Litija
19%
10.955 Ljutomer
19%
15.071 Logatec
19%
3.860 Log-Dragomer
19%
3.363 Muta
19%
3.653 Podčetrtek
19%
5.065 Radenci
19%
6.221 Radlje ob Dravi
19%
11.674 Rogaška Slatina
19%
3.816 Semič
19%
16.002 Trbovlje
19%
5.234 Vodice
19%
3.563 Apače
13%
8.129 Beltinci
13%
1.554 Bloke
13%
4.706 Borovnica
13%
4.535 Divača
13%
8.064 Dobrova-Polhov Gradec
13%
1.238 Dobrovnik
13%
6.420 Dol pri Ljubljani
13%
1.969 Grad
13%
3.051 Horjul
13%
5.356 Hrpelje-Kozina
13%
7.926 Ig
13%
13.255 Ilirska Bistrica
13%
18.267 Ivančna Gorica
13%
3.528 Križevci
13%
8.574 Lenart
13%
2.524 Ljubno
13%
3.506 Loška dolina
13%
1.835 Loški Potok
13%
4.073 Markovci
13%
3.518 Mežica
13%
2.822 Mirna
13%
3.270 Mokronog-Trebelno
13%
4.503 Mozirje
13%
11.849 Ormož
13%
6.131 Pivka
13%
3.934 Preddvor
13%
8.167 Rače-Fram
13%
11.191 Ravne na Koroškem
13%
4.402 Selnica ob Dravi
13%
8.875 Šenčur
13%
19.646 Šentjur
13%
2.936 Šentrupert
13%
17.555 Sevnica
13%
12.124 Škofljica
13%
2.318 Sodražica
13%
2.376 Sveta Ana
13%
13.695 Trebnje
13%
4.564 Velike Lašče
13%
2.621 Vuzenica
13%
16.379 Zagorje ob Savi
13%
21.823 Žalec
13%
4.691 Žužemberk
13%
2.738 Benedikt
6%
1.335 Bistrica ob Sotli
6%
5.919 Braslovče
6%
5.584 Brda
6%
24.402 Brežice
6%
1.754 Cankova
6%
2.254 Cerkvenjak
6%
2.364 Cirkulane
6%
3.899 Črenšovci
6%
2.695 Destrnik
6%
960 Dobje
6%
3.937 Dobrepolje
6%
2.324 Dobrna
6%
3.680 Dolenjske Toplice
6%
2.937 Dornava
6%
7.057 Duplek
6%
7.724 Gorenja vas-Poljane
6%
4.213 Gorišnica
6%
2.732 Gorje
6%
2.549 Gornji Grad
6%
1.964 Gornji Petrovci
6%
4.059 Hajdina
6%
11.913 Hoče-Slivnica
6%
335 Hodoš
6%
8.820 Hrastnik
6%
2.478 Juršinci
6%
6.673 Kidričevo
6%
507 Kobilje
6%
2.448 Kostanjevica na Krki
6%
610 Kostel
6%
3.002 Kozje
6%
5.072 Kungota
6%
1.630 Kuzma
6%
2.944 Lovrenc na Pohorju
6%
1.419 Luče
6%
6.186 Lukovica
6%
3.983 Majšperk
6%
2.058 Makole
6%
8.684 Mengeš
6%
7.261 Miklavž na Dravskem polju
6%
5.060 Miren-Kostanjevica
6%
3.203 Mirna Peč
6%
4.521 Mislinja
6%
5.670 Moravče
6%
5.957 Moravske Toplice
6%
2.686 Nazarje
6%
1.600 Odranci
6%
4.203 Oplotnica
6%
329 Osilnica
6%
7.819 Pesnica
6%
1.821 Podlehnik
6%
2.228 Podvelka
6%
4.398 Poljčane
6%
5.317 Prebold
6%
6.701 Prevalje
6%
5.818 Puconci
6%
4.078 Radeče
6%
1.216 Razkrižje
6%
2.326 Rečica ob Savinji
6%
4.414 Renče-Vogrsko
6%
1.099 Ribnica na Pohorju
6%
3.046 Rogašovci
6%
3.088 Rogatec
6%
7.175 Ruše
6%
1.343 Šalovci
6%
7.438 Šentjernej
6%
3.577 Škocjan
6%
15.515 Slovenske Konjice
6%
10.512 Šmarje pri Jelšah
6%
3.607 Šmarješke Toplice
6%
3.407 Šmartno ob Paki
6%
5.810 Šmartno pri Litiji
6%
504 Solčava
6%
9.007 Šoštanj
6%
1.839 Središče ob Dravi
6%
4.128 Starše
6%
4.481 Štore
6%
3.980 Straža
6%
2.270 Sveta Trojica v Slovenskih goricah
6%
1.184 Sveti Andraž v Slovenskih goricah
6%
2.795 Sveti Jurij ob Ščavnici
6%
2.180 Sveti Jurij v Slovenskih goricah
6%
1.988 Sveti Tomaž
6%
1.789 Tabor
6%
3.905 Tišina
6%
1.397 Trnovska vas
6%
3.112 Turnišče
6%
1.392 Velika Polana
6%
1.379 Veržej
6%
5.612 Videm
6%
2.202 Vitanje
6%
9.333 Vojnik
6%
1.471 Zavrč
6%
6.670 Železniki
6%
1.318 Žetale
6%
5.106 Žiri
6%
4.525 Žirovnica
6%
6.654 Zreče
6%
Keine übereinstimmenden Quizze gefunden
Verteilung der Resultate
Anzahl Personen mit jedem Resultat
Perzentil nach korrekt beantworteten Fragen
Ihre Resultats-Entwicklung
Sie haben dieses Quiz noch nicht gespielt